000 00612nam a2200253Ia 4500
005 20260121153824.0
008 008 260114s9999 xx 000 0 eng d
020 _a9781315168371
037 _aEBOOK
040 _aCRL
040 _beng
040 _cCRL
041 _2eng
041 _aeng
084 _qCRL
100 _aAnastasia Valassopoulos; Robert Spencer
_9999554
245 0 _aPostcolonial Locations
260 _bTaylor and Francis
260 _c2021
856 _uhttp://www.taylorfrancis.com/books/9781315168371
942 _cEBOOK
999 _c1566375
_d1566375